00429nam a2200145Ia 4500003000400000008004100004040001600045082001700061100001800078245006400096260004400160300001000204650003200214650003700246GCL140319s9999 xx 000 0 eng d aGCL / cGCL04a575.092bB C1 aBOWLER, PETER10aCHARLES DARWIN: THE MAN AND HIS INFLUENCE / cBOWLER, PETER a[S.N] : bCAMBRIDGE UNIVERSTY ، c1990 a250 P04aDARWIN, CHARLES 1809 - 188204aNATURALIST - ENGLAND - BIOGRAPHY